8 Conflicts Donald Trump Says He's Solved - Statistics

General Stats
  • This quiz has been taken 136 times
  • The average score is 6 of 8
Answer Stats
Party One Party Two % Correct
Hamas Israel
97%
Pakistan India
91%
Israel Iran
81%
Armenia Azerbaijan
76%
Serbia Kosovo
69%
Thailand Cambodia
68%
Democratic Republic of Congo Rwanda
51%
Egypt Ethiopia
32%
No matching quizzes found
Score Distribution
Percent of People with Each Score
Percentile by Number Answered
Your Score History
You have not taken this quiz